000 00798nam a2200229 a 4500
001 BRCA_1958
005 20190320203621.0
008 030528s2001 mx-a---##r---#001-0#spa-d
020 _a9701871480
040 _aDLC
_cDLC
050 4 _aTR12
_b.D45 2001
245 1 0 _aDirectorio de archivos, fototecas y centros especializados en fotografía
_cGabriela González Reyes coordinadora del proyecto.
260 _aMéxico
_bCONACULTA
_c2001
300 _a146 p.
_bil.
_c24 cm.
500 _aIncluye índice alfabético
650 1 4 _aFotografía
_vDirectorios
_xMuseos
_96012
650 1 4 _aGalerías de arte fotográficas
_vDirectorios
_zMéxico
_96013
650 1 4 _aColecciones de fotografía
_vDirectorios
_zMéxico
_96014
700 1 _aGonzaléz Reyes, Gabriela
_96015
902 _aREF
942 _2lcc
_cB
999 _c1728
_d1728